Sborník Filozofickej fakulty Univerzity Komenského OECONOMICA

Saved in:
Bibliographic Details
Format: Book
Language:Slovak
Czech
Russian
Published: Bratislava Slovenské pedagogické nakladateľstvo 1965
Subjects:
Tags: Add Tag
No Tags, Be the first to tag this record!

MARC

LEADER 00000nam$a2200000$$$4500
001 0001596
005 20240223083828.8
041 0 |a slo 
041 0 |a cze 
041 0 |a rus 
044 |a SK 
245 1 0 |a Sborník Filozofickej fakulty Univerzity Komenského  |b OECONOMICA  |c zodp. red. Július Chorváth 
264 1 |a Bratislava  |b Slovenské pedagogické nakladateľstvo  |c 1965 
300 |a 335 s. 
610 2 0 |a ekonómia